[Event "Hordaland-ch"]
[Site "Sotra"]
[Date "2007.03.04"]
[Round "4"]
[White "Aagedal, Geir Ole"]
[Black "Fotland, Petter"]
[Result "1-0"]
[WhiteElo "1572"]
[BlackElo "1292"]
[PlyCount "57"]
[EventDate "2007.03.02"]
[EventType "swiss"]
[EventRounds "5"]
[EventCountry "NOR"]
[SourceTitle "EXT 2010"]
[Source "ChessBase"]
[SourceDate "2010.11.25"]
[SourceVersion "1"]
[SourceVersionDate "2010.11.25"]
[SourceQuality "1"]

1. d4 c6 2. c4 d5 3. Nf3 Nf6 4. Bg5 e6 5. e3 Be7 6. Nc3 0-0 7. Rc1 Nbd7 8. Bd3 dxc4 9. Bxc4 Nb6 10. Bxf6 Bxf6 11. Bb3 Nd5 12. 0-0 Re8 13. Ne4 Be7 14. Ne5 Nf6 15. Ng5 Rf8 16. Qf3 h6 17. Ne4 Nxe4 18. Qxe4 f5 19. Qf3 Rf6 20. Kh1 Bd6 21. g4 Kh8 22. Rg1 Bxe5 23. dxe5 Rg6 24. gxf5 Rxg1+ 25. Rxg1 exf5 26. e6 Qf6 27. Qg3 g5 28. Qd6 Qg6 29. e7 1-0

[Event "Hordaland-ch"]
[Site "Sotra"]
[Date "2007.03.04"]
[Round "5"]
[White "Frimanslund, Berge"]
[Black "Fotland, Petter"]
[Result "0-1"]
[WhiteElo "1152"]
[BlackElo "1292"]
[PlyCount "84"]
[EventDate "2007.03.02"]
[EventType "swiss"]
[EventRounds "5"]
[EventCountry "NOR"]
[SourceTitle "EXT 2010"]
[Source "ChessBase"]
[SourceDate "2010.11.25"]
[SourceVersion "1"]
[SourceVersionDate "2010.11.25"]
[SourceQuality "1"]

1. d4 c6 2. Nf3 d5 3. e3 Bg4 4. Be2 Nf6 5. h3 Bh5 6. Ne5 Bxe2 7. Qxe2 Nbd7 8. Nxd7 Qxd7 9. c4 e6 10. c5 b6 11. b4 b5 12. a4 Rb8 13. axb5 Rxb5 14. Bd2 Be7 15. 0-0 0-0 16. Na3 Rb7 17. Nc2 Ne8 18. e4 Nc7 19. Qg4 Rd8 20. Bh6 Bf8 21. e5 Kh8 22. Be3 a6 23. f4 g6 24. h4 Bg7 25. h5 Ra8 26. Qh4 Qd8 27. Qh3 Qe8 28. hxg6 fxg6 29. Kf2 Qf7 30. Rh1 Bf8 31. g4 Nb5 32. Bd2 Rba7 33. Kg2 Be7 34. Raf1 Rf8 35. Qg3 Bd8 36. f5 gxf5 37. Bh6 Rg8 38. g5 Qg6 39. Qf3 Bxg5 40. Bxg5 Qxg5+ 41. Kf2 Qd2+ 42. Qe2 Rg2+ 0-1

[Event "NOR-chB"]
[Site "Stavanger"]
[Date "2005.07.03"]
[Round "2"]
[White "Fotland, Petter"]
[Black "Frimanslund, Berge"]
[Result "1/2-1/2"]
[WhiteElo "1198"]
[BlackElo "1084"]
[PlyCount "44"]
[EventDate "2005.07.01"]
[EventType "swiss"]
[EventRounds "9"]
[EventCountry "NOR"]
[SourceTitle "CBM 107 Extra"]
[Source "ChessBase"]
[SourceDate "2005.09.01"]
[SourceVersion "1"]
[SourceVersionDate "2005.09.01"]
[SourceQuality "1"]

1. c4 e6 2. d4 Nf6 3. Nf3 b6 4. g3 Bb7 5. Bg2 Bb4+ 6. Bd2 Bxd2+ 7. Nbxd2 0-0 8. 0-0 d5 9. Qc2 Ne4 10. e3 f5 11. Rfc1 Na6 12. cxd5 Bxd5 13. a3 c5 14. Bf1 Qc8 15. Qa4 Bb7 16. Nxe4 fxe4 17. Nd2 Rf5 18. Bg2 Bc6 19. Qc4 Bd5 20. Qe2 Qb7 21. Qg4 Raf8 22. Rf1 R8f6 1/2-1/2

[Event "Hordaland-ch"]
[Site "Sotra"]
[Date "2005.04.09"]
[Round "3"]
[White "Fotland, Petter"]
[Black "Torkilseng, Runar"]
[Result "1/2-1/2"]
[WhiteElo "1031"]
[BlackElo "1445"]
[PlyCount "44"]
[EventDate "2005.04.08"]
[EventType "swiss"]
[EventRounds "5"]
[EventCountry "NOR"]
[SourceTitle "EXT 2007"]
[Source "ChessBase"]
[SourceDate "2006.11.23"]
[SourceVersion "1"]
[SourceVersionDate "2006.11.23"]
[SourceQuality "1"]

1. c4 c6 2. Nc3 d5 3. cxd5 cxd5 4. d4 e6 5. Nf3 Nf6 6. a3 Be7 7. Bg5 0-0 8. e3 Nbd7 9. Bd3 a6 10. 0-0 b6 11. Rc1 Bb7 12. Re1 Rc8 13. Re2 b5 14. Rec2 Nb6 15. Ne5 h6 16. Bh4 Nc4 17. Nxc4 dxc4 18. Be2 Ne4 19. Bxe7 Qxe7 20. Bf3 Nxc3 21. Rxc3 Rfd8 22. Bxb7 Qxb7 1/2-1/2

[Event "Hordaland-ch"]
[Site "Sotra"]
[Date "2005.04.09"]
[Round "2"]
[White "Normann, Oyvind"]
[Black "Fotland, Petter"]
[Result "1/2-1/2"]
[WhiteElo "1913"]
[BlackElo "1031"]
[PlyCount "82"]
[EventDate "2005.04.08"]
[EventType "swiss"]
[EventRounds "5"]
[EventCountry "NOR"]
[SourceTitle "EXT 2007"]
[Source "ChessBase"]
[SourceDate "2006.11.23"]
[SourceVersion "1"]
[SourceVersionDate "2006.11.23"]
[SourceQuality "1"]

1. e4 c6 2. d4 d5 3. Nc3 dxe4 4. Nxe4 Bf5 5. Ng3 Bg6 6. h4 h6 7. h5 Bh7 8. Nf3 Nf6 9. Bd3 Bxd3 10. Qxd3 e6 11. Bd2 Qc7 12. 0-0-0 Nbd7 13. Rhe1 Nd5 14. Ne5 Nxe5 15. Rxe5 Bd6 16. Ree1 0-0-0 17. Ne4 Be7 18. Qf3 Nf6 19. Bf4 Qa5 20. Nc3 Qxh5 21. Qg3 Qg4 22. Qh2 Nd5 23. Nxd5 Rxd5 24. Bb8 Bd8 25. f3 Qh5 26. c4 Qxh2 27. Bxh2 Rd7 28. Kc2 Bc7 29. Be5 Bxe5 30. Rxe5 Rhd8 31. Kc3 Kc7 32. b4 a6 33. a4 b6 34. a5 b5 35. cxb5 cxb5 36. Rc5+ Kb7 37. Rd3 Rd6 38. f4 g6 39. Rd2 h5 40. g3 R6d7 41. Rd3 Rd6 1/2-1/2

[Event "IECG CE.2001.0.00001 email"]
[Site "IECG email"]
[Date "2001.04.23"]
[Round "?"]
[White "Fotland, Petter"]
[Black "Poblete, Litos"]
[Result "0-1"]
[WhiteElo "1260"]
[BlackElo "1204"]
[PlyCount "34"]
[EventDate "2001.04.23"]
[EventType "tourn (corr)"]
[EventRounds "6"]
[SourceTitle "Corr 2008"]
[Source "ChessBase"]
[SourceDate "2008.06.24"]
[SourceVersion "1"]
[SourceVersionDate "2008.06.24"]
[SourceQuality "1"]

1. c4 c5 2. Nc3 Nf6 3. Nf3 g6 4. g3 Bg7 5. Bg2 0-0 6. 0-0 d5 7. cxd5 Nxd5 8. Qb3 Nxc3 9. dxc3 Qc7 10. Bf4 e5 11. Bg5 Nc6 12. Rfd1 Be6 13. Qa4 f6 14. Be3 Ne7 15. Rd2 a6 16. Rad1 b5 17. Qa3 c4 0-1

[Event "IECG C3.2000.0.00167"]
[Site "IECG email"]
[Date "2000.12.28"]
[Round "?"]
[White "De Booy, Marco"]
[Black "Fotland, Petter"]
[Result "0-1"]
[WhiteElo "1340"]
[BlackElo "1238"]
[PlyCount "52"]
[EventDate "2000.12.28"]
[EventType "tourn (corr)"]
[EventRounds "6"]
[SourceTitle "Corr 2008"]
[Source "ChessBase"]
[SourceDate "2008.06.24"]
[SourceVersion "1"]
[SourceVersionDate "2008.06.24"]
[SourceQuality "1"]

1. e4 c6 2. d4 d5 3. Nc3 dxe4 4. Nxe4 Bf5 5. Ng3 Bg6 6. h4 h6 7. Nf3 Nf6 8. Ne5 Bh7 9. Bd3 Bxd3 10. Qxd3 e6 11. Bd2 Bd6 12. 0-0-0 Nbd7 13. f4 Qc7 14. Rhf1 0-0 15. Ne4 Nxe4 16. Qxe4 Be7 17. h5 Rad8 18. g4 Nf6 19. Qe2 Rxd4 20. g5 hxg5 21. fxg5 Ne4 22. Nf3 Ra4 23. b3 Rd8 24. Kb2 Rxd2 25. Rxd2 Rxa2+ 26. Kxa2 Qa5+ 0-1

[Event "IECG C3.2000.0.00167"]
[Site "IECG email"]
[Date "2000.12.28"]
[Round "?"]
[White "Mori, Roberto"]
[Black "Fotland, Petter"]
[Result "0-1"]
[WhiteElo "1293"]
[BlackElo "1238"]
[PlyCount "58"]
[EventDate "2000.12.28"]
[EventType "tourn (corr)"]
[EventRounds "6"]
[SourceTitle "Corr 2008"]
[Source "ChessBase"]
[SourceDate "2008.06.24"]
[SourceVersion "1"]
[SourceVersionDate "2008.06.24"]
[SourceQuality "1"]

1. e4 c6 2. Nc3 d5 3. d4 dxe4 4. Nxe4 Bf5 5. Ng3 Bg6 6. Nf3 Nd7 7. Bd3 Bxd3 8. Qxd3 Ngf6 9. 0-0 e6 10. Re1 Be7 11. c4 0-0 12. Bf4 Qa5 13. a3 Rfd8 14. b4 Qa6 15. h3 b5 16. Nf5 exf5 17. Rxe7 bxc4 18. Qxf5 g6 19. Qg5 Nd5 20. Ree1 Re8 21. Bd6 Rxe1+ 22. Nxe1 Re8 23. Nc2 c3 24. Rd1 N7f6 25. Be5 Qe2 26. Qc1 Ne4 27. f3 Qf2+ 28. Kh2 Nd2 29. Kh1 f6 0-1

[Event "IECG C3.2000.0.00166"]
[Site "IECG email"]
[Date "2000.12.12"]
[Round "?"]
[White "Borelli, Luca"]
[Black "Fotland, Petter"]
[Result "1-0"]
[WhiteElo "1165"]
[BlackElo "1238"]
[PlyCount "27"]
[EventDate "2000.12.12"]
[EventType "tourn (corr)"]
[EventRounds "6"]
[SourceTitle "Corr 2008"]
[Source "ChessBase"]
[SourceDate "2008.06.24"]
[SourceVersion "1"]
[SourceVersionDate "2008.06.24"]
[SourceQuality "1"]

1. e4 c6 2. d4 d5 3. exd5 cxd5 4. c4 dxc4 5. Bxc4 Nf6 6. Nf3 Bg4 7. Bxf7+ Kxf7 8. Ne5+ Ke8 9. Nxg4 Qd7 10. Ne5 Qb5 11. Nc3 Qa6 12. Bg5 h6 13. Bxf6 Qxf6 14. Nd5 1-0

[Event "IECG C3.2000.0.00166"]
[Site "IECG email"]
[Date "2000.12.12"]
[Round "?"]
[White "Fotland, Petter"]
[Black "Boettcher, Fred"]
[Result "0-1"]
[WhiteElo "1238"]
[BlackElo "1185"]
[PlyCount "66"]
[EventDate "2000.12.12"]
[EventType "tourn (corr)"]
[EventRounds "6"]
[SourceTitle "Corr 2008"]
[Source "ChessBase"]
[SourceDate "2008.06.24"]
[SourceVersion "1"]
[SourceVersionDate "2008.06.24"]
[SourceQuality "1"]

1. c4 Nf6 2. d4 e6 3. Nf3 b6 4. Nc3 Bb7 5. e3 d5 6. cxd5 exd5 7. Bb5+ c6 8. Bd3 Be7 9. 0-0 0-0 10. a4 Nbd7 11. b3 Re8 12. Ba3 Bxa3 13. Rxa3 Qe7 14. Ra2 Ne4 15. Qc2 c5 16. Bb5 Rec8 17. Qb2 Ndf6 18. Rc1 c4 19. Nxe4 Nxe4 20. Ne5 f6 21. Nxc4 dxc4 22. Bxc4+ Kh8 23. f3 Nd6 24. e4 Nxc4 25. bxc4 Ba6 26. Qb3 Qd6 27. Rd2 Rc6 28. d5 Rac8 29. Rdc2 Rc5 30. Qa3 Kg8 31. Qd3 Qe5 32. d6 Rd8 33. Rd2 Qe6 0-1

[Event "IECG Q3.2000.0.00089"]
[Site "IECG email"]
[Date "2000.10.13"]
[Round "?"]
[White "Fotland, Petter"]
[Black "Rodgers, Douglas"]
[Result "1-0"]
[WhiteElo "1317"]
[BlackElo "1250"]
[PlyCount "39"]
[EventDate "2000.10.13"]
[EventType "tourn (corr)"]
[EventRounds "6"]
[SourceTitle "Corr 2008"]
[Source "ChessBase"]
[SourceDate "2008.06.24"]
[SourceVersion "1"]
[SourceVersionDate "2008.06.24"]
[SourceQuality "1"]

1. c4 e5 2. Nc3 Nc6 3. e3 Bb4 4. d4 d6 5. d5 Nce7 6. Qa4+ Bd7 7. Qxb4 c5 8. Qxb7 Qb6 9. Qxa8+ Nc8 10. Nb5 Nf6 11. a4 a6 12. a5 Qd8 13. Qxa6 Bxb5 14. Qxb5+ Nd7 15. Bd3 g6 16. e4 Na7 17. Qb7 Qb8 18. Qxb8+ Nxb8 19. b4 cxb4 20. Be3 1-0

[Event "IECG Q3.2000.0.00089"]
[Site "IECG email"]
[Date "2000.10.13"]
[Round "?"]
[White "Hammond, Grant P"]
[Black "Fotland, Petter"]
[Result "1/2-1/2"]
[WhiteElo "1314"]
[BlackElo "1317"]
[PlyCount "54"]
[EventDate "2000.10.13"]
[EventType "tourn (corr)"]
[EventRounds "6"]
[SourceTitle "Corr 2008"]
[Source "ChessBase"]
[SourceDate "2008.06.24"]
[SourceVersion "1"]
[SourceVersionDate "2008.06.24"]
[SourceQuality "1"]

1. d4 c6 2. e4 d5 3. exd5 cxd5 4. c4 dxc4 5. Bxc4 Qb6 6. b3 Bf5 7. Nf3 Nf6 8. 0-0 e6 9. Re1 Bb4 10. Bd2 0-0 11. Nc3 Nc6 12. Na4 Qa5 13. Bxb4 Qxb4 14. Be2 Rfd8 15. a3 Qe7 16. b4 Rd6 17. Bb5 Rad8 18. Bxc6 Rxc6 19. Nc5 Rcd6 20. Qe2 b6 21. Nb3 Rc6 22. Rac1 Rdc8 23. Rxc6 Rxc6 24. Rc1 Rxc1+ 25. Nxc1 Qc7 26. Qb2 Nd5 27. h3 Be4 1/2-1/2